000 00495pab a2200169 454500
008 180718b2000 xxu||||| |||| 00| 0 eng d
100 _aBeyene, Asmelash
245 _aDecentralization as a tool for resolving the nationality problem: the Ethiopian experience
260 _c2000
300 _ap.122-47
362 _aSpring
650 _aDecentralization - Ethiopia
650 _aNationality - Ethiopia
650 _aNationality
773 _aRegional Development Dialogue
909 _a45673
999 _c45673
_d45673